000
00223nam a2200097Ia 4500
005
20251222114351.0
008
251222s1900||||xx |||||||||||||| ||spa||
082
_a
DVD0070/B53/2012
245
0
_a
En un mundo mejor:
942
_c
DVD
999
_c
1254
_d
1254